000 01038cam a2200277 i 4500
001 21701
003 BD-RjUL
005 20211209000722.0
008 140305r19801958ctu 001 0 eng
020 _a0837184436
035 _a(BD-RjUL)21766
040 _aDLC
_cDLC
_dDLC
_dBD-RjUL
_beng
041 1 _aengfre
082 0 0 _a914.7
_bSEN 1980
100 1 _aSégur, Philippe Paul,
_d1780-1873.
_966786
245 1 0 _aNapoleon's Russian campaign /
_cby Count Philippe-Paul de Ségur ; translated from the French by J. David Townsend ; with an introd. by William L. Langer.
260 _aWestport, Conn. :
_bGreenwood Press,
_c c1958 [Reprinted 1980].
300 _axii, 306 p. ;
_c23 cm.
500 _aIncludes index.
600 0 0 _aNapoleon
_cEmperor of the French,
_d1769-1821
_xContemporaries.
_967035
650 0 _aNapoleonic Wars, 1800-1815
_xCampaigns
_zRussia.
_966788
650 0 _aNapoleonic Wars, 1800-1815
_xPersonal narratives, French.
_966789
942 _2ddc
_cBK
999 _c21701
_d21701